UNA INTRODUCCION A LONERGAN /

INCLUYE BIBLIOGRAFIA

Gorde:
Xehetasun bibliografikoak
Egile nagusia: Bravo, Armando J. (autor)
Formatua: Liburua
Gaiak:
Etiketak: Etiketa erantsi
Etiketarik gabe, Izan zaitez lehena erregistro honi etiketa jartzen!

MARC

LEADER 00000nam^a2200000^a^4500
001 000247350
005 20250521000000.0
009 20260526133034.327
020 |a 968-859-413-X 
035 |a 071049 
037 |a Acervo Xavier Clavigero 
082 |a 230. 092  |b BRA 
100 |a Bravo, Armando J.  |e (autor) 
245 1 4 |a UNA INTRODUCCION A LONERGAN /  |c ARMANDO J. BRAVO 
264 |a MEXICO :  |b UIA,  |c 2000 
300 |a 263 p. 
336 |a texto  |b txt  |2 rdacontenido 
337 |a sin mediación  |b n  |2 rdamedio 
338 |a volumen  |b nc  |2 rdasoporte 
520 |a INCLUYE BIBLIOGRAFIA 
649 |a XX 
650 |a Lonergan, Bernard 
650 |a Lonergan, Bernard 
650 |a Epistemología 
650 |a Teólogos 
910 |a Fondo General 
920 |a Impresos - Libros 
930 |a Colección General 
905 |a 101 
901 |a 0500283746  |b IT1  |c ACC  |i FXC D2917  |u 20250521 
902 |a https://opac.biblio.iteso.mx/vufind/Record/000247350